000 00954nam a22002177a 4500
005 20130831155922.0
008 130731b xxu||||| |||| 00| 0 eng d
010 _aB-524268
020 _c320.00
035 _aB-524268
037 _bUBH
040 _aDPL
_bEng
082 _a340
100 _aदीवान, पारस
_925423
245 _aआधुनिक हिन्दू विधि /
_cby पारस दीवान और पीयुषी दीवान
260 _aइलाहबाद
_bइलाहबाद लॉ एजेंसी
_c2013
270 _a10, Sir P.C.Banerjee Road,
_bAllahabad
_e2
300 _axIviii,544पृ.:
_c23सेमी (अजिल्द)
942 _2ddc
_cHN
_mदीवान
_h340
999 _c78261
_d78261